|
|
|
|
| LEADER |
00000nab a2200000 a 4500 |
| 001 |
vtls009511225 |
| 003 |
SK-MaSNL |
| 005 |
20260305031223.0 |
| 008 |
250507c2009 xo ||||||ob ||00 b|slo |
| 015 |
|
|
|a SNBRB2009/05
|2 snkbucl
|
| 035 |
|
|
|a urn:nbn:sk:snk-ab7xhz
|
| 035 |
|
|
|a (urnnbn)urn:nbn:sk:snk:ar-004ssf
|
| 035 |
|
|
|a (uuid)eb8d1194-cd95-4961-8797-ccee3b9ab1f1
|
| 038 |
|
|
|a SNKBUCL
|
| 040 |
|
|
|a SNKBUCL
|b slo
|c SNKBUCL
|e AACR2
|
| 041 |
0 |
|
|a slo
|
| 044 |
|
|
|a xo
|c SK
|
| 080 |
|
|
|a 94(437.3)
|x "04/14"
|x (048)
|2 2001
|
| 080 |
|
|
|a 342.1/.3
|x (437.3)
|x (091)
|x (048)
|2 2001
|
| 080 |
|
|
|a 930.253
|x (048)
|2 2001
|
| 100 |
1 |
|
|a Nádaská, Katarína,
|d 1967-
|4 aut
|9 49679
|
| 245 |
1 |
0 |
|a Stát, státnost a rituály přemyslovského věku
|c Katarína Nádaská
|
| 504 |
|
|
|a Bibliogr. odkazy
|
| 600 |
3 |
7 |
|a Přemysl (rod)
|2 snkbucl
|9 236321
|
| 630 |
0 |
7 |
|a Zbraslavská kronika
|2 snkbucl
|9 1608922
|
| 630 |
0 |
7 |
|a Dalimilova kronika
|2 snkbucl
|9 659565
|
| 650 |
0 |
7 |
|a štát
|2 snkbucl
|9 4689
|
| 650 |
0 |
7 |
|a štátnosť
|2 snkbucl
|9 282675
|
| 650 |
0 |
7 |
|a česká štátnosť
|2 snkbucl
|9 1608923
|
| 650 |
0 |
7 |
|a rituály a obrady
|2 SNKPH
|9 69610
|
| 650 |
0 |
7 |
|a stredovek
|2 SNKPH
|9 4259
|
| 650 |
0 |
7 |
|a štátna symbolika
|2 snkbucl
|9 620577
|
| 650 |
0 |
7 |
|a krajinská symbolika
|2 snkbucl
|9 1608924
|
| 651 |
|
7 |
|a Česko
|x dejiny
|2 snkbucl
|9 58420
|
| 655 |
|
7 |
|a recenzie
|2 snkbucl
|9 21907
|
| 655 |
|
7 |
|a zborníky konferencií
|2 snkbucl
|9 70153
|
| 773 |
0 |
|
|t Historický časopis
|g Roč. 57, č. 1 (2009), s. 158-160
|x 0018-2575
|
| 787 |
0 |
8 |
|i Rec.:
|t Stát, státnost a rituály přemyslovského věku
|d Brno : matice moravská, 2006
|z 8086488373
|
| 850 |
|
|
|a Slovenská národná knižnica
|
| 852 |
|
|
|a Slovenská národná knižnica
|
| 954 |
|
|
|a odborná, vedecká literatúra pôvodná (slovenská)
|2 lita
|
| 958 |
|
|
|a article9
|
| 958 |
|
|
|a OND
|
| 958 |
|
|
|a CZ
|
| 958 |
|
|
|a RC
|
| 958 |
|
|
|a EUIPO
|
| 999 |
|
|
|c 3315318
|d 3317248
|